000
00195 a2200097 4500
020
_a
9781598351156
041
_a
spa
100
_a
Canetti, Yanitzia
245
_a
ABeCedario nutritivo
942
_c
BK
999
_c
10122
_d
10122